| 000 | 01214nam a2200277 a 4500 | ||
|---|---|---|---|
| 001 | 48028 | ||
| 003 | BD-RjUL | ||
| 005 | 20211209054438.0 | ||
| 008 | 160420s1994 bg ||||| |||| 00| 0 ben d | ||
| 020 | _c: Tk 100.00 | ||
| 035 | _a(BD-RjUL)48147 | ||
| 040 |
_aBD-RjUL _bben _cBD-RjUL |
||
| 041 | _aben | ||
| 082 |
_223 _a891.442 _bAMR 1994 |
||
| 100 | 1 |
_aঅমৃতলাল _9145602 |
|
| 245 | 1 | 0 |
_aঅমৃতলালের শ্রেষ্ঠ প্রহসন / _cড. ক্ষেত্র গুপ্ত, ড. শম্ভুনাথ গঙ্গোপাধ্যায় (সম্পাদিত) |
| 260 |
_aকলিকাতা : _bপঁথি, _c১৯৯৪ |
||
| 300 |
_a[উনচল্লিশ], ৪৭৮ পৃ. ; _c২১ সেমি. |
||
| 600 |
_aঅমৃতলাল _9145659 |
||
| 600 |
_aAmritalal _9127589 |
||
| 650 |
_aবাংলা _vনাটক (প্রহসন) _9118114 |
||
| 650 |
_aBangla Literature _vDrama ( comedy ) _9145604 |
||
| 700 |
_aগুপ্ত, ক্ষেত্র (সম্পাদিত) _9145605 |
||
| 700 |
_aগঙ্গোপাধ্যায়, শম্ভুনাথ (সম্পাদিত) _9145646 |
||
| 942 |
_2ddc _cBK |
||
| 999 |
_c48028 _d48028 |
||